| 000 | 00640nam a2200229 a 4500 | ||
|---|---|---|---|
| 008 | |||
| 020 | _a0273031929 (pbk.) | ||
| 049 | _aMAIN | ||
| 090 | _aHG1586 | ||
| 100 | 1 | _aLipscombe, Geoffrey. | |
| 245 | 1 | 0 |
_aBanking : _bthe business / _cGeoffrey Lipscombe. |
| 260 |
_aLondon : _bPitman, _c1990. |
||
| 300 |
_aix, 237 p. ; _c25 cm. |
||
| 440 | 0 | _aBanking certificate series. | |
| 500 | _aIncludes index. | ||
| 650 | 0 |
_aBanks and banking _zGreat Britain. |
|
| 907 |
_a.b10060030 _b04-12-07 _c17-04-03 |
||
| 003 | |||
| 005 | 20230123133827.0 | ||
| 040 | _cNUST | ||
| 942 |
_cBOOKS _kHG1586 |
||
| 999 |
_c155326 _d155326 |
||